States That Have Held WRC or ARA Rallies - Statistics

General Stats
  • This quiz has been taken 21 times
  • The average score is 8 of 11
Answers on the Map
Answers color-coded by a green-red scale on the quiz's map according to % correct below.
 
Answer Stats
WRC ARA Answer % Correct
1986-1988 2017- Washington
93%
2017-2019 2021-2023 Maine
86%
2017-2019 2021- Oregon
86%
1973-1974 2019- Michigan
79%
2020- Ohio
71%
2017- Minnesota
71%
2017 New Hampshire
64%
2024- Tennessee
64%
2019- Missouri
57%
2017-2019 2021-2022 Pennsylvania
57%
2018-2019 Idaho
43%
No matching quizzes found
Score Distribution
Percent of People with Each Score
Percentile by Number Answered
Your Score History
You have not taken this quiz